LEADER 01096nam--2200373---450- 001 990006140570203316 005 20160414151434.0 010 $a978-88-04-65994-5 035 $a000614057 035 $aUSA01000614057 035 $a(ALEPH)000614057USA01 035 $a000614057 100 $a20160414d2016----km-y0itay50------ba 101 $aita 102 $aIT 105 $a||||||||001yy 200 1 $aKL$estoria dei campi di concentramento nazisti$fNikolaus Wachsmann 210 $aMilano$Mondadori$d2016 215 $a882 p., [16] carte di tav.$d25 cm 225 2 $a<> scie 410 0$12001$a<> scie 454 1$12001$aKL$91386071 606 0 $aCampi di concentramento$xGuerra mondiale 1939-1945$2BNCF 676 $a940.53185 700 1$aWACHSMANN,$bNikolaus$0599677 801 0$aIT$bsalbc$gISBD 912 $a990006140570203316 951 $aX.3.B. 7708$b251765 L.M.$cX.3.B.$d387816 959 $aBK 969 $aUMA 979 $aALESSANDRA$b90$c20160414$lUSA01$h1511 979 $aALESSANDRA$b90$c20160414$lUSA01$h1514 996 $aKL$91386071 997 $aUNISA LEADER 01679oam 2200421Ia 450 001 9910691805303321 005 20040525110533.0 035 $a(CKB)5470000002349356 035 $a(OCoLC)51823982 035 9 $aocm51823982 035 $a(OCoLC)995470000002349356 035 $a(EXLCZ)995470000002349356 100 $a20030310d2002 ua 0 101 0 $aeng 135 $aurcn|||||| 181 $ctxt$2rdacontent 182 $cc$2rdamedia 183 $acr$2rdacarrier 200 00$aIntegrating ecosystem sampling, gradient modeling, remote sensing, and ecosystem simulation to create spatially explicit landscape inventories$b[electronic resource] /$fRobert E. Keane...[and others] 210 1$aFort Collins, CO :$cU.S. Dept. of Agriculture, Forest Service, Rocky Mountain Research Station,$d[2002] 225 1 $aGeneral technical report RMRS ;$vGTR-92 300 $aTitle from Web page (viewed on February, 27, 2003). 300 $aCover title. 300 $a"June 2002." 320 $aIncludes bibliographical references (pages 36-40). 606 $aEcosystem management$xSimulation methods 606 $aEcosystem management$xRemote sensing 615 0$aEcosystem management$xSimulation methods. 615 0$aEcosystem management$xRemote sensing. 701 $aKeane$b Robert E$01058744 712 02$aRocky Mountain Research Station (Fort Collins, Colo.) 801 0$bORE 801 1$bORE 801 2$bGPO 906 $aBOOK 912 $a9910691805303321 996 $aIntegrating ecosystem sampling, gradient modeling, remote sensing, and ecosystem simulation to create spatially explicit landscape inventories$93427857 997 $aUNINA